| 000 | 00443nam a22001697a 4500 | ||
|---|---|---|---|
| 005 | 20260509141937.0 | ||
| 008 | 160531b xxu||||| |||| 00| 0 eng d | ||
| 020 | _a1-6508-231-7 | ||
| 041 | _aeng | ||
| 082 | _a659.1 | ||
| 100 |
_aSutherlaud, Max and other _91566 |
||
| 245 | _aAdvertising and the Mind of the Consumer | ||
| 260 |
_aNew Delhi _bVikas Publishing House (P) Ltd. _c2004 |
||
| 300 | _a315 | ||
| 650 | _aManagement | ||
| 942 | _cBK | ||
| 999 |
_c2210 _d2209 |
||